| 000 | 00807cab a2200217 4500 | ||
|---|---|---|---|
| 001 | ABS39628 | ||
| 008 | 090401t1988 xxu||||| |||| 00| 0 eng d | ||
| 035 | _a(Sirsi) u17852 | ||
| 041 | _aeng | ||
| 100 | _aWalker, P. | ||
| 245 | _aContinuing breaches of covenant and waiver of forfeiture | ||
| 260 | _c1988 | ||
| 350 | _a0 | ||
| 490 |
_aSolicitors` Journal _v132(33) 19 August 1988, 1166-1167(2) |
||
| 520 | _aExamines the significance of continuing breaches of covenant when a landlord has actual knowledge of them, ie if he acts in a manner which affirms the tenancy he waives his right to forfeit . Iincludes reference to case law . | ||
| 650 | _aCHRISDELL V JOHNSON AND TICKNER | ||
| 650 | _aWAIVER OF FORFEITURE | ||
| 690 |
_aLandlord and tenant _96252 |
||
| 942 | _n0 | ||
| 948 | _c04/03/1997 | ||
| 999 |
_c11840 _d11840 |
||